[Event "Titled Tue 27th May Early"]
[Site "chess.com INT"]
[Date "2025.05.27"]
[Round "2"]
[White "De Sousa, Antonio Micaias Silva"]
[Black "Zdorov, Egor Vit"]
[Result "0-1"]
[BlackTitle "CM"]
[WhiteElo "2007"]
[BlackElo "2100"]
[WhiteFideId "22798528"]
[BlackFideId "55688560"]
[EventDate "2025.05.27"]

1. e4 e5 2. Nf3 Nc6 3. Bb5 f5 4. Bxc6 dxc6 5. Nc3 Nf6 6. Qe2 Bd6 7. d4 exd4 8.
e5 dxc3 9. exd6+ Ne4 10. Ng5 O-O 11. Nxe4 fxe4 12. Qc4+ Kh8 13. dxc7 Qf6 14. Be3
cxb2 15. Rb1 Be6 16. Qd4 Qf7 17. Rxb2 Qxc7 18. O-O Bf5 19. Rfb1 b6 20. c4 c5 21.
Qc3 Rad8 22. a4 Rd3 23. Qe1 h5 24. a5 Rf6 25. axb6 axb6 26. Qe2 Bg4 27. f3 Bxf3
28. gxf3 Rxf3 29. Rxb6 Rdxe3 30. Qg2 Qf7 31. Rb7 Qxb7 0-1

[Event "Titled Tue 27th May Early"]
[Site "chess.com INT"]
[Date "2025.05.27"]
[Round "2"]
[White "Barria Zuniga, Daniel"]
[Black "Nayem, Haque"]
[Result "1-0"]
[WhiteTitle "IM"]
[BlackTitle "FM"]
[WhiteElo "2341"]
[BlackElo "2180"]
[WhiteFideId "3400816"]
[BlackFideId "10217754"]
[EventDate "2025.05.27"]

1. d4 d5 2. c4 c6 3. Nf3 Nf6 4. Nc3 e6 5. Bg5 Nbd7 6. e3 Bd6 7. Qc2 O-O 8. O-O-O
dxc4 9. Bxc4 b5 10. Bd3 Bb7 11. Bxh7+ Kh8 12. Bd3 Qa5 13. Kb1 b4 14. Ne4 Nxe4
15. Bxe4 Rac8 16. Ne5 Nxe5 17. dxe5 Bxe5 18. f4 Bb8 19. Qe2 f5 20. Qh5+ Kg8 21.
Rd7 Rc7 22. Rhd1 b3 23. axb3 Rxd7 24. Rxd7 Qe1+ 25. Rd1 Qe2 26. Qxe2 fxe4 27.
Rd8 Bc7 28. Rd7 1-0

[Event "Titled Tue 27th May Early"]
[Site "chess.com INT"]
[Date "2025.05.27"]
[Round "2"]
[White "Wu, Derek"]
[Black "Arun, Siddharth"]
[Result "1-0"]
[WhiteTitle "FM"]
[WhiteElo "2232"]
[BlackElo "1993"]
[WhiteFideId "30914558"]
[BlackFideId "2079178"]
[EventDate "2025.05.27"]

1. e4 c6 2. d4 d5 3. e5 c5 4. Nf3 cxd4 5. Nxd4 Nc6 6. Nxc6 bxc6 7. Bd3 a5 8. O-O
Ba6 9. Re1 e6 10. Bxa6 Rxa6 11. Nd2 Bc5 12. Nb3 Ba7 13. Be3 Bxe3 14. Rxe3 Qb6
15. Rg3 g6 16. Qd4 Qxd4 17. Nxd4 Ne7 18. Rb3 O-O 19. Rb7 Re8 20. Nb3 c5 21. Nxc5
Rc6 22. Nd7 Rec8 23. Nf6+ Kf8 24. Nxh7+ Ke8 25. Nf6+ Kf8 26. c3 d4 27. Nd7+ Ke8
28. Nb6 Rxb6 29. Rxb6 Nd5 30. Ra6 dxc3 31. bxc3 Rc5 32. Kf1 Nxc3 33. Rc1 1-0

[Event "Titled Tue 27th May Early"]
[Site "chess.com INT"]
[Date "2025.05.27"]
[Round "2"]
[White "Parfenov, Viktor N."]
[Black "Vusatiuk, Vladimir"]
[Result "1-0"]
[WhiteTitle "CM"]
[BlackTitle "IM"]
[WhiteElo "2193"]
[BlackElo "2286"]
[WhiteFideId "4165969"]
[BlackFideId "14118610"]
[EventDate "2025.05.27"]

1. d4 Nf6 2. Bg5 g6 3. Bxf6 exf6 4. e3 d5 5. c4 dxc4 6. Bxc4 Bd6 7. Nc3 Nd7 8.
Nf3 f5 9. g3 O-O 10. O-O Nf6 11. Rc1 c6 12. a3 Qe7 13. Qc2 Ne4 14. Bd3 Re8 15.
Nd2 Ng5 16. Rfe1 h5 17. h4 Nh3+ 18. Kg2 g5 19. Kxh3 f4+ 20. Kg2 gxh4 21. exf4
Be6 22. Nde4 Bc7 23. Ng5 hxg3 24. fxg3 h4 25. Bc4 1-0

[Event "Titled Tue 27th May Early"]
[Site "chess.com INT"]
[Date "2025.05.27"]
[Round "2"]
[White "Dicen, Elis Denele"]
[Black "Rustemov, Alexander"]
[Result "0-1"]
[WhiteTitle "WFM"]
[BlackTitle "GM"]
[WhiteElo "2135"]
[BlackElo "2525"]
[WhiteFideId "462560"]
[BlackFideId "4119002"]
[EventDate "2025.05.27"]

1. e4 e6 2. d4 d5 3. Nc3 dxe4 4. Nxe4 Bd7 5. Nf3 Bc6 6. Bd3 Nd7 7. c3 Ngf6 8.
Ng3 Be7 9. Qe2 Bxf3 10. Qxf3 c6 11. Bf4 Qa5 12. O-O O-O 13. Ne4 Nxe4 14. Qxe4
Nf6 15. Qe2 Qh5 16. Qe5 Qxe5 17. Bxe5 Nd5 18. a3 Rfd8 19. Rfd1 Rd7 20. Bc2 Rad8
21. Rd2 Bg5 22. Rd3 Bf6 23. Bxf6 Nxf6 24. Rad1 Kf8 25. g3 Ke7 26. Kg2 g6 27. f4
h5 28. h3 b6 29. Kf3 Kd6 30. Re3 Kc7 31. Red3 a5 32. b4 Ra8 33. Bb3 axb4 34.
axb4 b5 35. g4 Ra3 36. Rb1 Kd6 37. Re3 hxg4+ 38. hxg4 Rd8 39. Kg3 Rh8 40. Rf3
Ne4+ 41. Kg2 Nd2 0-1

[Event "Titled Tue 27th May Early"]
[Site "chess.com INT"]
[Date "2025.05.27"]
[Round "2"]
[White "Vasquez Schroeder, Rodrigo"]
[Black "Zakin, Ilay"]
[Result "1-0"]
[WhiteTitle "GM"]
[BlackTitle "FM"]
[WhiteElo "2446"]
[BlackElo "2257"]
[WhiteFideId "3400042"]
[BlackFideId "2848279"]
[EventDate "2025.05.27"]

1. e4 c5 2. Nf3 d6 3. d4 cxd4 4. Nxd4 Nf6 5. Nc3 g6 6. Be2 Bg7 7. O-O O-O 8. Nb3
Nc6 9. Bg5 a5 10. a4 Be6 11. Qd2 Rc8 12. Bh6 Ne5 13. Bxg7 Kxg7 14. Nd4 Bc4 15.
Ndb5 Bxe2 16. Qxe2 Qb6 17. Kh1 Nc4 18. b3 Ne5 19. f4 Neg4 20. Rf3 Rc5 21. h3 Nh6
22. Rd1 Rfc8 23. Rd2 Rh5 24. Nd5 Nxd5 25. exd5 Re8 26. c4 e5 27. fxe5 Rhxe5 28.
Qf2 Qxf2 29. Rdxf2 Nf5 30. g4 Re1+ 31. Kh2 Nh4 32. Rxf7+ Kh6 33. Nxd6 R8e2 34.
Rf6 Rxf2+ 35. Rxf2 b6 36. Nf7+ Kg7 37. Kg3 g5 38. Nxg5 Ng6 39. Ne6+ Kh6 40. Rf3
Ne5 41. Rf6+ Ng6 42. h4 Rd1 43. g5+ Kh5 44. Ng7# 1-0

[Event "Titled Tue 27th May Early"]
[Site "chess.com INT"]
[Date "2025.05.27"]
[Round "2"]
[White "Yang, Kaiqi"]
[Black "Jiganchine, Roman"]
[Result "1-0"]
[WhiteTitle "GM"]
[BlackTitle "CM"]
[WhiteElo "2481"]
[BlackElo "2205"]
[WhiteFideId "8604398"]
[BlackFideId "2603667"]
[EventDate "2025.05.27"]

1. e4 e5 2. Nf3 Nc6 3. Bc4 Nf6 4. d3 Be7 5. O-O O-O 6. Re1 d6 7. a4 Bg4 8. Nbd2
Na5 9. Ba2 c5 10. h3 Be6 11. Nf1 Rc8 12. Ne3 Nc6 13. Ng5 Bxa2 14. Rxa2 d5 15.
Nf5 Nb4 16. Ra1 dxe4 17. Nxe4 Nxe4 18. dxe4 Qxd1 19. Nxe7+ Kh8 20. Rxd1 Rcd8 21.
Be3 Nxc2 22. Rac1 Nxe3 23. fxe3 1-0

[Event "Titled Tue 27th May Early"]
[Site "chess.com INT"]
[Date "2025.05.27"]
[Round "2"]
[White "Lloret Ramis, Juan Jose"]
[Black "Bold, Andre"]
[Result "1-0"]
[WhiteTitle "FM"]
[BlackTitle "CM"]
[WhiteElo "2019"]
[BlackElo "2235"]
[WhiteFideId "2204053"]
[BlackFideId "16208471"]
[EventDate "2025.05.27"]

1. d4 d5 2. c4 c6 3. Nc3 Nf6 4. Nf3 a6 5. e3 b5 6. b3 Bg4 7. h3 Bh5 8. g4 Bg6 9.
Ne5 Nfd7 10. Nxg6 hxg6 11. Bg2 e6 12. e4 Bb4 13. Bd2 Qa5 14. Rc1 bxc4 15. bxc4
Nb6 16. cxd5 cxd5 17. exd5 exd5 18. Qe2+ Kf8 19. Nxd5 Bxd2+ 20. Qxd2 Qxd2+ 21.
Kxd2 Nxd5 22. Bxd5 1-0

[Event "Titled Tue 27th May Early"]
[Site "chess.com INT"]
[Date "2025.05.27"]
[Round "2"]
[White "Onyshchuk, Volodymyr"]
[Black "Ollier, Pablo"]
[Result "1-0"]
[WhiteTitle "GM"]
[BlackTitle "FM"]
[WhiteElo "2602"]
[BlackElo "2284"]
[WhiteFideId "14114038"]
[BlackFideId "652318"]
[EventDate "2025.05.27"]

1. e4 e5 2. Nf3 Nc6 3. Bc4 Nf6 4. d3 Bc5 5. Nbd2 a6 6. c3 Ba7 7. Bb3 O-O 8. O-O
d6 9. h3 Be6 10. Bc2 d5 11. exd5 Nxd5 12. Re1 f6 13. d4 b5 14. dxe5 fxe5 15. Ne4
h6 16. Bb3 Kh8 17. Ng3 Qf6 18. Bxd5 Rad8 19. Bxc6 Rxd1 20. Rxd1 Bxh3 21. Be4 Bg4
22. Re1 Rd8 23. Be3 Bxe3 24. Rxe3 Bxf3 25. Bxf3 Rd2 26. Ne4 Qd8 27. Nxd2 Qxd2
28. Re2 Qd6 29. Rae1 1-0

[Event "Titled Tue 27th May Early"]
[Site "chess.com INT"]
[Date "2025.05.27"]
[Round "2"]
[White "Jaskolka, Tomasz"]
[Black "So, Wesley"]
[Result "0-1"]
[WhiteTitle "CM"]
[BlackTitle "GM"]
[WhiteElo "2200"]
[BlackElo "2751"]
[WhiteFideId "1170791"]
[BlackFideId "5202213"]
[EventDate "2025.05.27"]

1. d4 d5 2. Bf4 c5 3. e3 Nc6 4. c3 cxd4 5. exd4 Bf5 6. Nf3 e6 7. Nbd2 Nge7 8.
Ne5 f6 9. Nxc6 Nxc6 10. Nf3 g5 11. Bg3 h5 12. h4 g4 13. Ng1 Bh6 14. Bd3 Qb6 15.
Bxf5 exf5 16. Qc2 O-O 17. Ne2 Rae8 18. O-O Re4 19. f3 gxf3 20. gxf3 Re3 21. Rf2
Ne7 22. Bf4 Bxf4 23. Nxf4 Qd6 24. Nxh5 Kf7 25. Qd2 f4 26. Re1 Rxe1+ 27. Qxe1 Rh8
28. Nxf4 Qxf4 29. Re2 Nf5 30. Rg2 Nxh4 31. Rf2 0-1

[Event "Titled Tue 27th May Early"]
[Site "chess.com INT"]
[Date "2025.05.27"]
[Round "2"]
[White "Papasimakopoulos, Alexandros"]
[Black "Leschinsky, Gary"]
[Result "1-0"]
[WhiteTitle "IM"]
[WhiteElo "2366"]
[BlackElo "1992"]
[WhiteFideId "4244125"]
[BlackFideId "30951321"]
[EventDate "2025.05.27"]

1. d4 Nf6 2. c4 g6 3. Nc3 Bg7 4. e4 d6 5. f3 O-O 6. Nge2 a6 7. Be3 b5 8. Ng3 c6
9. a3 e5 10. dxe5 dxe5 11. Qxd8 Rxd8 12. Rd1 Rxd1+ 13. Kxd1 Be6 14. Kc2 bxc4 15.
Na4 Nbd7 16. Be2 Bf8 17. Rd1 Rb8 18. Nf1 Rb3 19. Bf2 Rb8 20. Nd2 c3 21. Kxc3 a5
22. Nc4 Rb5 23. Kc2 Nc5 24. Nxc5 Bxc5 25. a4 Bxc4 26. axb5 Bxe2 27. Rd8+ Bf8 28.
bxc6 Ba6 29. Bc5 1-0

[Event "Titled Tue 27th May Early"]
[Site "chess.com INT"]
[Date "2025.05.27"]
[Round "2"]
[White "Fragkos, Vasileios"]
[Black "Sheehan, Ethan"]
[Result "0-1"]
[WhiteTitle "CM"]
[WhiteElo "2176"]
[BlackElo "2380"]
[WhiteFideId "25832646"]
[BlackFideId "30943965"]
[EventDate "2025.05.27"]

1. d4 d5 2. Nf3 Nf6 3. g3 Bf5 4. Bg2 e6 5. O-O Be7 6. c4 O-O 7. b3 Nbd7 8. Bb2
c5 9. cxd5 Nxd5 10. Nbd2 Bg6 11. a3 Rc8 12. e4 N5f6 13. Nh4 cxd4 14. Nxg6 hxg6
15. Bxd4 Nc5 16. Be3 b6 17. b4 Nd3 18. h3 Qd7 19. Qb3 Rfd8 20. f4 Nh5 21. Kh2
Bf6 22. e5 Nxe5 23. fxe5 Bxe5 24. Ne4 Bxa1 25. Rxa1 Qd3 26. Qxd3 Rxd3 27. Bf2
Rc2 28. Be1 Re3 29. Rd1 Rxe4 30. Kg1 Re3 31. Bf2 Ree2 32. Rf1 Nxg3 33. Bf3 Nxf1 0-1

[Event "Titled Tue 27th May Early"]
[Site "chess.com INT"]
[Date "2025.05.27"]
[Round "2"]
[White "Nguyen, Quoc Hy"]
[Black "Mora Munoz, Alejandro"]
[Result "1-0"]
[WhiteTitle "FM"]
[BlackTitle "FM"]
[WhiteElo "2389"]
[BlackElo "2147"]
[WhiteFideId "12410853"]
[BlackFideId "4469844"]
[EventDate "2025.05.27"]

1. d4 Nf6 2. c4 e6 3. Nc3 d5 4. Bg5 Bb4 5. e3 h6 6. Bh4 g5 7. Bg3 Ne4 8. Qc2 h5
9. cxd5 exd5 10. Bd3 h4 11. Be5 Bxc3+ 12. bxc3 Nf6 13. Nf3 g4 14. Ng5 Nbd7 15.
Bg6 Rf8 16. Ne6 Qe7 17. Nxc7+ Kd8 18. Nxa8 fxg6 19. Bc7+ Ke8 20. Qxg6+ Rf7 21.
Bf4 Nf8 22. Qd3 Ne6 23. Be5 Ne4 24. Qb5+ Kf8 25. Qxd5 Nxf2 26. Bd6 Nxh1 27.
Bxe7+ Kxe7 28. Qe5 Kd8 29. d5 Nc5 30. Qd6+ Bd7 1-0

[Event "Titled Tue 27th May Early"]
[Site "chess.com INT"]
[Date "2025.05.27"]
[Round "2"]
[White "Andreikin, Dmitry"]
[Black "Maltsevskaya, Aleksandra"]
[Result "1-0"]
[WhiteTitle "GM"]
[BlackTitle "IM"]
[WhiteElo "2695"]
[BlackElo "2398"]
[WhiteFideId "4158814"]
[BlackFideId "24174041"]
[EventDate "2025.05.27"]

1. Nf3 Nf6 2. c4 g6 3. Nc3 Bg7 4. g3 O-O 5. Bg2 d6 6. O-O e5 7. d3 Nc6 8. Rb1 a5
9. a3 Ne8 10. b4 axb4 11. axb4 h6 12. b5 Ne7 13. Nd2 f5 14. Nb3 c5 15. bxc6 bxc6
16. Bd2 f4 17. Ra1 Be6 18. Rxa8 Qxa8 19. Qa1 Qc8 20. Qa7 Nf5 21. Ra1 fxg3 22.
hxg3 Nd4 23. Nxd4 exd4 24. Ne4 d5 25. cxd5 Bxd5 26. Bb4 Bxe4 27. Bxe4 Rf6 28.
Qa8 Qxa8 29. Rxa8 Re6 30. Rc8 Kf7 31. Bxc6 Nf6 32. Rc7+ Kg8 33. Kf1 h5 34. Bb5
Kh7 35. Bf8 1-0

[Event "Titled Tue 27th May Early"]
[Site "chess.com INT"]
[Date "2025.05.27"]
[Round "2"]
[White "Chiu, Isaac"]
[Black "Lacasa Diaz, Josep Anton"]
[Result "1-0"]
[BlackTitle "IM"]
[WhiteElo "2226"]
[BlackElo "2304"]
[WhiteFideId "30900654"]
[BlackFideId "2203375"]
[EventDate "2025.05.27"]

1. d4 Nf6 2. Nf3 e6 3. c4 c5 4. d5 d6 5. Nc3 exd5 6. cxd5 g6 7. Nd2 Bg7 8. e4
O-O 9. Be2 b6 10. O-O Re8 11. f3 Ba6 12. Bxa6 Nxa6 13. Kh1 Nc7 14. a4 a6 15. Nc4
b5 16. Na5 Qd7 17. Nc6 b4 18. Ne2 a5 19. Bg5 h6 20. Bf4 Nh5 21. Qc2 Nxf4 22.
Nxf4 Na6 23. Rad1 Nb8 24. Nxb8 Raxb8 25. b3 Rbc8 26. Qc4 f5 27. Ne6 Be5 28. f4
Bc3 29. exf5 gxf5 30. Qd3 Qf7 31. Rf3 Kh7 32. Rh3 Rg8 33. Ng5+ Rxg5 34. fxg5 Bg7
35. gxh6 Bxh6 36. Rf1 Rf8 37. Rhf3 Kg6 38. Rg3+ Kh7 39. Rgf3 Kg6 40. g3 Qf6 41.
g4 1-0

[Event "Titled Tue 27th May Early"]
[Site "chess.com INT"]
[Date "2025.05.27"]
[Round "2"]
[White "Aqib Javaid Butt"]
[Black "Shukhman, Anna"]
[Result "0-1"]
[BlackTitle "WGM"]
[WhiteElo "1855"]
[BlackElo "2413"]
[WhiteFideId "7801262"]
[BlackFideId "54180058"]
[EventDate "2025.05.27"]

1. e4 c5 2. Nf3 d6 3. c3 Nf6 4. Be2 g6 5. O-O Bg7 6. Re1 O-O 7. Bf1 a6 8. h3 b5
9. d4 Bb7 10. Bd3 Nbd7 11. Bg5 h6 12. Bf4 e5 13. dxe5 Nh5 14. Bh2 dxe5 15. Qc2
Nf4 16. Bxf4 exf4 17. Nbd2 Re8 18. Rad1 c4 19. Bf1 Qc7 20. Nd4 Nc5 21. b4 cxb3
22. axb3 Rad8 23. Bd3 Nxd3 24. Qxd3 b4 25. N2f3 Qxc3 26. Qb1 Bxd4 0-1

[Event "Titled Tue 27th May Early"]
[Site "chess.com INT"]
[Date "2025.05.27"]
[Round "2"]
[White "Schracke, Guido"]
[Black "Soham, Kamotra"]
[Result "0-1"]
[WhiteTitle "CM"]
[BlackTitle "IM"]
[WhiteElo "2138"]
[BlackElo "2407"]
[WhiteFideId "4637054"]
[BlackFideId "46647490"]
[EventDate "2025.05.27"]

1. e4 c6 2. Bc4 d5 3. Bb3 dxe4 4. Qh5 e6 5. f3 Nf6 6. Qh4 a5 7. a4 Na6 8. fxe4
Nc5 9. Nc3 Nxb3 10. cxb3 Bc5 11. e5 Nd5 12. Qg3 O-O 13. Ne4 Bd4 14. Nf3 Qb6 15.
d3 f5 16. Bh6 Rf7 17. Nd6 f4 18. Qg5 Bf2+ 19. Kf1 Ne3+ 20. Kxf2 Ng4+ 21. Ke1
Qf2+ 22. Kd1 Ne3+ 23. Kc1 Qc2# 0-1

[Event "Titled Tue 27th May Early"]
[Site "chess.com INT"]
[Date "2025.05.27"]
[Round "2"]
[White "Meshkovs, Nikita"]
[Black "Elier, Ali"]
[Result "1-0"]
[WhiteTitle "GM"]
[BlackTitle "CM"]
[WhiteElo "2539"]
[BlackElo "2142"]
[WhiteFideId "11602740"]
[BlackFideId "16217543"]
[EventDate "2025.05.27"]

1. d4 d5 2. Nf3 Nf6 3. c4 e6 4. g3 Be7 5. Bg2 dxc4 6. O-O O-O 7. Qc2 Bd7 8. Nbd2
Bc6 9. Nxc4 Nbd7 10. Rd1 Nb6 11. Na5 Be4 12. Qb3 Bd5 13. Qc3 Ne4 14. Qe1 Rc8 15.
b4 Nc4 16. Nxc4 Bxc4 17. Ne5 Bd5 18. f3 Nf6 19. e4 Bc6 20. Nxc6 bxc6 21. Qc3 Rb8
22. a3 Qd7 23. Bf4 Rfd8 24. Rac1 a5 25. bxa5 c5 26. Be3 Qa4 27. Bf1 Rb3 28. Qe1
cxd4 29. Rc4 Qxa3 30. Rcxd4 Rxd4 31. Bxd4 Rxf3 32. a6 h5 33. a7 Qa4 34. Bb5 Qxb5
35. a8=Q+ Kh7 36. e5 1-0

[Event "Titled Tue 27th May Early"]
[Site "chess.com INT"]
[Date "2025.05.27"]
[Round "2"]
[White "Sturt, Raven"]
[Black "Sabatier, Mathis"]
[Result "1-0"]
[WhiteTitle "GM"]
[BlackTitle "CM"]
[WhiteElo "2459"]
[BlackElo "2235"]
[WhiteFideId "2007304"]
[BlackFideId "26029685"]
[EventDate "2025.05.27"]

1. f4 d5 2. Nf3 Nf6 3. e3 g6 4. b3 Bg7 5. Bb2 O-O 6. Be2 c5 7. O-O Nc6 8. Ne5
Nxe5 9. Bxe5 Nd7 10. Bxg7 Kxg7 11. Bf3 e6 12. c4 d4 13. exd4 cxd4 14. d3 a5 15.
Nd2 f5 16. Re1 Nc5 17. Qc2 Qd6 18. g3 Rb8 19. a3 b6 20. b4 Na6 21. c5 bxc5 22.
b5 Rxb5 23. Nc4 Qb8 24. Bc6 Rb3 25. Ba4 Rc3 26. Qe2 Nc7 27. Rab1 Qa8 28. Qe5+
Kg8 29. Qxc7 Qf3 30. Ne5 Qh5 31. Bd1 Qh3 32. Rb8 Rxd3 33. Nxd3 Ba6 34. Rxf8+
Kxf8 35. Qd6+ Kg7 36. Qxa6 1-0

[Event "Titled Tue 27th May Early"]
[Site "chess.com INT"]
[Date "2025.05.27"]
[Round "2"]
[White "Karttunen, Mika"]
[Black "Vigoa Apecheche, Yanira"]
[Result "1-0"]
[WhiteTitle "IM"]
[BlackTitle "WGM"]
[WhiteElo "2490"]
[BlackElo "2232"]
[WhiteFideId "502081"]
[BlackFideId "3507041"]
[EventDate "2025.05.27"]

1. e4 c5 2. Nf3 Nc6 3. Bb5 g6 4. c3 Bg7 5. O-O Nf6 6. e5 Nd5 7. Re1 Nc7 8. Bf1
O-O 9. d4 cxd4 10. cxd4 d6 11. Qb3 b6 12. Bg5 dxe5 13. dxe5 Be6 14. Qa3 Re8 15.
Nc3 Nd4 16. Nxd4 Qxd4 17. Bxe7 Qd7 18. Bd6 a6 19. Rad1 Qc6 20. Be2 Nb5 21. Bxb5
axb5 22. Qb4 Bxa2 23. Qxb5 Qb7 24. b3 Ra5 25. Qxe8+ 1-0

[Event "Titled Tue 27th May Early"]
[Site "chess.com INT"]
[Date "2025.05.27"]
[Round "2"]
[White "Koridze, Lile"]
[Black "Kornev, Alexei"]
[Result "1-0"]
[WhiteTitle "WFM"]
[BlackTitle "GM"]
[WhiteElo "2110"]
[BlackElo "2500"]
[WhiteFideId "13612514"]
[BlackFideId "4120949"]
[EventDate "2025.05.27"]

1. d4 d5 2. c4 c6 3. Nf3 Nf6 4. e3 Bf5 5. Bd3 Bg6 6. Nc3 e6 7. O-O Nbd7 8. b3
Bd6 9. h3 Ne4 10. Bb2 f5 11. Ne2 O-O 12. Nf4 Bf7 13. Ne5 Nxe5 14. dxe5 Be7 15.
Qe2 Qe8 16. cxd5 cxd5 17. Rac1 g5 18. Bb5 Qd8 19. Nh5 a6 20. Bd3 Qe8 21. Nf6+
Nxf6 22. exf6 Bd6 23. f4 gxf4 24. exf4 Kh8 25. Qf2 Rg8 26. Rce1 Qf8 27. Qh4 Rg6
28. Kh1 Rh6 29. Qf2 Qg8 30. Re3 Rg6 31. Rxe6 Bf8 32. Bxf5 Rh6 33. Re7 Rd8 34.
Rxb7 Rh5 35. Be6 1-0

[Event "Titled Tue 27th May Early"]
[Site "chess.com INT"]
[Date "2025.05.27"]
[Round "2"]
[White "Gavarrete, Nahun"]
[Black "Hasman, Cengiz"]
[Result "0-1"]
[WhiteTitle "FM"]
[WhiteElo "2281"]
[BlackElo "2079"]
[WhiteFideId "8400709"]
[BlackFideId "413364"]
[EventDate "2025.05.27"]

1. e4 d6 2. d4 Nf6 3. Nc3 Nbd7 4. g3 e5 5. d5 c6 6. Bg2 Be7 7. Nge2 O-O 8. O-O
cxd5 9. Nxd5 Nxd5 10. Qxd5 Nf6 11. Qd3 Be6 12. h3 Rc8 13. b3 d5 14. Bb2 dxe4 15.
Bxe4 Nxe4 16. Qxe4 Bxh3 17. Rfd1 Qc7 18. Bxe5 Qxc2 19. Qxc2 Rxc2 20. Nf4 Bg4 21.
Rd3 Bc5 22. Bd4 Bxd4 23. Rxd4 Bf3 24. Rd3 Bc6 25. a4 Re8 26. Rad1 g6 27. Rd8
Rxd8 28. Rxd8+ Kg7 29. Rd3 Rc1+ 30. Kh2 Rh1# 0-1

[Event "Titled Tue 27th May Early"]
[Site "chess.com INT"]
[Date "2025.05.27"]
[Round "2"]
[White "Neagu, Roberto Florin"]
[Black "Brozynski, Patryk"]
[Result "1-0"]
[WhiteTitle "FM"]
[BlackTitle "CM"]
[WhiteElo "2190"]
[BlackElo "2219"]
[WhiteFideId "54588898"]
[BlackFideId "2512700"]
[EventDate "2025.05.27"]

1. e4 e6 2. Qe2 c5 3. Nf3 Nc6 4. c3 Nge7 5. g3 g6 6. Bg2 Bg7 7. O-O O-O 8. d3 d6
9. Bg5 Qc7 10. Nbd2 b5 11. Rfe1 Bb7 12. h4 b4 13. Rac1 bxc3 14. bxc3 h6 15. Bf4
e5 16. Be3 Nd8 17. Nc4 Ne6 18. Nh2 d5 19. exd5 Nxd5 20. Bd2 f6 21. Ng4 Rae8 22.
Nxh6+ Kh7 23. Ng4 Ne7 24. Bxb7 Qxb7 25. Nd6 Qd5 26. Nxe8 Rxe8 27. Bh6 Nf5 28.
Bxg7 Kxg7 29. Ne3 Nxe3 30. Qxe3 Rd8 31. Rb1 Rd7 32. Red1 Qxa2 33. Rb8 Qa4 34.
Rdb1 Qc6 35. Re8 Nc7 36. Rc8 Qe6 37. Rbb8 c4 38. Rg8+ Qxg8 39. Rxg8+ Kxg8 40.
dxc4 Ne6 41. Qe4 Kf7 42. Qc6 Rc7 43. Qd6 Rxc4 44. Qd7+ Kg8 45. Qxe6+ 1-0

[Event "Titled Tue 27th May Early"]
[Site "chess.com INT"]
[Date "2025.05.27"]
[Round "2"]
[White "Burmakin, Vladimir"]
[Black "Mendonca, Leon Luke"]
[Result "1/2-1/2"]
[WhiteTitle "GM"]
[BlackTitle "GM"]
[WhiteElo "2435"]
[BlackElo "2630"]
[WhiteFideId "4105109"]
[BlackFideId "35028561"]
[EventDate "2025.05.27"]

1. d4 Nf6 2. Nf3 e6 3. g3 b5 4. Qd3 Ba6 5. Bg2 d5 6. Ne5 c5 7. c3 Bd6 8. O-O O-O
9. Bf4 Qc7 10. Qd1 Nc6 11. Nxc6 Bxf4 12. gxf4 Qxc6 13. Nd2 b4 14. Re1 Rab8 15.
e3 Bd3 16. Nb3 c4 17. Nc5 Bf5 18. cxb4 Rxb4 19. b3 Qb6 20. Rc1 h6 21. bxc4 dxc4
22. Qe2 Rd8 23. a3 Rb2 24. Qxc4 Ng4 25. Re2 Rxe2 26. Qxe2 Nf6 27. Qd2 Bg6 28.
Qb4 Qc7 29. Qb7 Qa5 30. Qb4 Qc7 31. Qb7 Qa5 32. Qb4 Qc7 1/2-1/2

[Event "Titled Tue 27th May Early"]
[Site "chess.com INT"]
[Date "2025.05.27"]
[Round "2"]
[White "Kushko, Dmitriy"]
[Black "Bendayan Claros, Aaron"]
[Result "1-0"]
[WhiteTitle "IM"]
[BlackTitle "CM"]
[WhiteElo "2454"]
[BlackElo "2224"]
[WhiteFideId "14162261"]
[BlackFideId "3803392"]
[EventDate "2025.05.27"]

1. g3 d5 2. Bg2 c6 3. d3 e5 4. Nf3 Bd6 5. O-O Nf6 6. Nc3 h6 7. e4 d4 8. Ne2 c5
9. Nd2 Nc6 10. f4 Be6 11. Nc4 Bxc4 12. dxc4 Qe7 13. fxe5 Nxe5 14. b3 O-O-O 15.
Nf4 Kb8 16. Nd5 Nxd5 17. exd5 Rhf8 18. Bd2 f5 19. c3 dxc3 20. Bxc3 g5 21. Qh5
Qf6 22. Rae1 Rde8 23. Bh3 f4 24. Be6 f3 25. Re3 f2+ 26. Kg2 Rxe6 27. dxe6 Qxe6
28. Qe2 1-0

[Event "Titled Tue 27th May Early"]
[Site "chess.com INT"]
[Date "2025.05.27"]
[Round "2"]
[White "Maglioni, Leonardo"]
[Black "Andreev, Konstantin"]
[Result "0-1"]
[BlackTitle "FM"]
[WhiteElo "2069"]
[BlackElo "2208"]
[WhiteFideId "2896830"]
[BlackFideId "24239305"]
[EventDate "2025.05.27"]

1. d4 Nf6 2. Bf4 d5 3. e3 Bf5 4. Bd3 Bxd3 5. Qxd3 Nbd7 6. Nf3 g6 7. h3 Bg7 8.
O-O O-O 9. Nbd2 c5 10. dxc5 Nxc5 11. Qa3 Qb6 12. Nb3 Nce4 13. c3 Rfe8 14. Rfd1
a5 15. Be5 a4 16. Nbd4 h6 17. Ne2 Kh7 18. Nf4 Qb5 19. Rd4 g5 20. Nd3 h5 21. Rd1
g4 22. hxg4 hxg4 23. Nd2 Nxd2 24. Rxd2 Ne4 25. Rd1 f6 26. Bh2 e5 27. Rb4 Qc6 28.
Ne1 g3 29. Bxg3 Nxg3 30. fxg3 Bf8 31. Rh4+ Kg8 32. b4 Kf7 33. Qb2 Ke6 34. Nf3
Bd6 35. Qc2 Rg8 36. Rh5 Rg7 37. Qf5+ Ke7 38. Nh4 Rag8 39. Rh7 Qxc3 40. Ng6+ Kf7
41. Rxg7+ Rxg7 42. Nh8+ Kg8 43. Qc8+ Qxc8 0-1